00469cam a22001097a 4500008003800000082001600038245011200054260005400166500005000220650003500270700005400305180718b-- xxu||||| |||| 00| 0 eng d aL906x5412 E aEpitome of CAG's reports on government of West Bengalcby Principal Accountant General (Audit), West Bengal aKolkatabPrincipal Accountant General (Audit)c-- aLibrary has 2000/01, 2002/03-2005/06, 2009/10 aAuditing - India - West Bengal aWest Bengal. Principal Accountant General (Audit)